| 000 | 00597nam a2200205 a 4500 | ||
|---|---|---|---|
| 001 | BRCA_8234 | ||
| 005 | 20190320210203.0 | ||
| 008 | 230514s1957----ne-a###f##---#000-0#eng-# | ||
| 041 | _aeng | ||
| 044 | _ane | ||
| 050 | 4 |
_aND1319 _b.A43 |
|
| 245 | 1 | 0 |
_aAlbum Picture-Book _bschilderijen, paintings, tableaux, gemälde. |
| 260 |
_aAmsterdam _bRijksmuseum _c[1957] |
||
| 300 |
_a1 v. (sin paginación) _bil., 120 láminas _c20 cm. |
||
| 500 | _aT28d | ||
| 650 | 1 | 4 |
_aPinturas _vCatálogo _920532 |
| 650 | 1 | 4 |
_aPinturas _vColeccionistas y colecciones _zHolanda _920533 |
| 902 | _aGFM | ||
| 942 |
_2lcc _cB |
||
| 999 |
_c7902 _d7902 |
||